00482nam a2200121 a 450000100100000000500170001000800410002704000250006811000440009324501520013726000510028930000200034000004567020210628225112.0150422s1989 dr 000 0 spa d aDO-SdBNPbspacBNPHU aUniversidad Autónoma de Santo Domingo10aInvestidura ordinaria 28 de octubre, 1989 celebrada a las 5 de la tarde en la Plaza de los Heroes de abril en la ciudad universitaria :bprograma/. aSanto Domingo :bEditora universitaria,c1989. a41 p. ;c21 cm.